Pokémon Trivia - Bug Type - Statistics

General Stats
  • This quiz has been taken 28 times
  • The average score is 7 of 10
Answer Stats
Question Answer % Correct
What is the strongest Bug type move with a set power level? (Non Z-Move) Megahorn
100%
What is the Bug type weak against? Fire, Flying, Rock
83%
How does the Pokémon Karrablast evolve into Escavalier? It evolves when traded for a Shelmet
83%
Which of these items powers up Bug type moves? Silver Powder
83%
Which of the following about the Bug type are true? All of the above are true
67%
Which Generation introduced the least amount of Bug type Pokémon? Generation 6
67%
Compound Eyes is an ability exclusive to Bug types such as Galvantula. What does it do in battle? Raises the users accuracy of moves by 30%
67%
Bug types were pretty hard to use in the first generation, especially with using Same Type Attack Bonus moves. How many damaging Bug moves were there in Generation 1? 3
50%
What types does Bug resist? Fighting, Ground, Grass
50%
Which type is most commonly paired with Bug? Flying
50%
No matching quizzes found
Score Distribution
Percent of People with Each Score
Percentile by Number Answered
Your Score History
You have not taken this quiz